| 000 | 01843nam0a2200373 i 4500 | ||
|---|---|---|---|
| 001 | RU\NLR\BIBL_A\010857169 | ||
| 005 | 20260408204714.0 | ||
| 010 |
_a9785422106578 _9100 |
||
| 021 |
_aRU _b2015-66379 _93969 |
||
| 021 |
_aRU _b2015-66379 _94060 |
||
| 035 | _a(NILC)RuMoRGB-008008679 | ||
| 035 | _a(NLR Aleph) 010857169 | ||
| 090 |
_a10402751 _c10402751 |
||
| 100 | _a20151007d2014 k y0rusy50 ca | ||
| 101 | 0 | _arus | |
| 102 | _aRU | ||
| 105 | _aa z 000yy | ||
| 200 | 1 |
_aОрганизация и ведение учебно-тренировочного процесса в мини-футболе _fВ. М. Романов, С. А. Томаров _gМ-во образования и науки Российской Федерации, Федеральное гос. образовательное учреждение высш. проф. образования "Уфимский гос. авиационный технический ун-т" |
|
| 210 |
_aУфа _cФГБОУ ВПО "Уфимский государственный авиационный технический университет" _d2014 |
||
| 215 |
_a99 с. _cил. _d21 |
||
| 320 | _aБиблиогр.: с. 93-95 (35 назв.) | ||
| 606 |
_aМини-футбол _xОбучение _xВысшая школа _92113742 _3RU\NLR\AUTH\661580685 |
||
| 610 | 0 | _aфизическое воспитание студентов | |
| 610 | 0 | _aмини-футбол | |
| 675 | _a796/799 | ||
| 686 | 1 | _aЧ515.785 | |
| 686 | 1 | _aЧ486.73 | |
| 700 | 1 |
_7ca _8rus _aРоманов _bВ. М. _cтренер _gВладимир Михайлович _914018 _3RU\NLR\AUTH\7731004 |
|
| 701 | 1 |
_aТомаров _bС. А. _gСергей Александрович |
|
| 801 | 0 |
_aRU _bРГБ _c20150831 _gRCR |
|
| 942 | _cBOOK | ||
| 980 | _aNBR | ||